Comuni della Provincia del Medio Campidano (con mappa) - Statistics

Statistiche generali
  • Questo quiz è stato fatto 14 volte
  • Il punteggio medio è 23 su 28
Risposte nella Mappa
Le risposte nella mappa del quiz sottostante sono codificate secondo una scala di colori dal rosso al verde in base alla % di persone che hanno risposto correttamente.
 
Statistiche sulle risposte
Risposta % Corretto
Sanluri
100%
Arbus
92%
San Gavino Monreale
92%
Villacidro
92%
Gesturi
83%
Gonnosfanadiga
83%
Guspini
83%
Las Plassas
83%
Lunamatrona
83%
Pabillonis
83%
Samassi
83%
Sardara
83%
Serramanna
83%
Serrenti
83%
Tuili
83%
Ussaramanna
83%
Villanovaforru
83%
Villanovafranca
83%
Barumini
75%
Collinas
75%
Furtei
75%
Genuri
75%
Pauli Arbarei
75%
Segariu
75%
Setzu
75%
Siddi
75%
Turri
75%
Villamar
75%
Nessun quiz corrispondente trovato
Distribuzione punteggi
Percentuale di utenti per punteggio
Percentile per numero di risposta
I tuoi punteggi nel tempo
Non hai fatto questo quiz